[Event "Chigorin Memorial 2019"]
[Site "St Petersburg RUS"]
[Date "2019.10.08"]
[Round "4.164"]
[White "Zakharova, Viktoriya"]
[Black "Klimentiev, Sergey"]
[Result "1-0"]
[WhiteElo "1939"]
[BlackElo "1591"]
[WhiteFideId "24183890"]
[BlackFideId "24155896"]
[EventDate "2019.10.05"]

1. e4 e5 2. Nf3 Nc6 3. Bb5 a6 4. Ba4 Nf6 5. d3 d6 6. c3 Be7 7. h3 O-O 8. O-O b5
9. Bc2 h6 10. a3 Re8 11. d4 exd4 12. cxd4 Bf8 13. Nc3 Bb7 14. Bf4 Na5 15. Re1
Nc4 16. Qc1 Nh5 17. Bh2 g6 18. b3 Nb6 19. Qd1 Ng7 20. Qd3 Ne6 21. h4 h5 22. Ne2
Bg7 23. Rad1 Nd7 24. b4 Nf6 25. d5 Nf8 26. Ned4 Qd7 27. Nb3 Rac8 28. Na5 Ba8 29.
Nd4 Ng4 30. Bg3 Ne5 31. Qf1 Bf6 32. f4 Ng4 33. Nac6 Nh6 34. Qf2 Bg7 35. Qf3 Ng4
36. e5 dxe5 37. fxe5 Rcd8 38. Bb3 Nh6 39. Nxd8 Rxd8 40. Nc6 Bxc6 41. dxc6 Qe7
42. Rxd8 Qxd8 43. Qf4 Nf5 44. Bf2 Qd3 45. Qf3 Qd8 46. Qe4 Qe7 47. e6 fxe6 48.
Bxe6+ Nxe6 49. Qxe6+ Qxe6 50. Rxe6 Kf7 51. Re2 Bf6 52. Rd2 Nd6 53. Rxd6 1-0

[Event "Chigorin Memorial 2019"]
[Site "St Petersburg RUS"]
[Date "2019.10.08"]
[Round "4.165"]
[White "Oleinik, Egor"]
[Black "Guseva, Oksana"]
[Result "1/2-1/2"]
[WhiteElo "1575"]
[BlackElo "1925"]
[WhiteFideId "14158469"]
[BlackFideId "34400940"]
[EventDate "2019.10.05"]

1. e4 c5 2. Nf3 Nc6 3. d4 cxd4 4. Nxd4 Nf6 5. Nc3 g6 6. Be3 Bg7 7. Qd2 O-O 8.
Bc4 a6 9. f3 e6 10. O-O-O Qc7 11. Bb3 b5 12. g4 Bb7 13. h4 h5 14. gxh5 Nxh5 15.
Nce2 Nxd4 16. Nxd4 d5 17. exd5 Bxd5 18. Bxd5 exd5 19. Bh6 Bxh6 20. Qxh6 Qf4+ 21.
Qxf4 Nxf4 22. Rhg1 Rad8 23. Rg4 Nh5 24. Nc6 Rde8 25. Nb4 Re3 26. Rd3 Re1+ 27.
Kd2 Rfe8 28. Nxd5 R1e2+ 29. Kd1 Re1+ 30. Kd2 1/2-1/2

[Event "Chigorin Memorial 2019"]
[Site "St Petersburg RUS"]
[Date "2019.10.08"]
[Round "4.166"]
[White "Koroleva, Mariya"]
[Black "Golovchenko, Bogdan"]
[Result "0-1"]
[WhiteElo "1355"]
[BlackElo "1824"]
[WhiteFideId "34276424"]
[BlackFideId "54198607"]
[EventDate "2019.10.05"]

1. c4 e5 2. g3 d6 3. Nc3 f5 4. d3 Nf6 5. Bg2 c6 6. Nf3 Be7 7. O-O O-O 8. b4 h6
9. h4 Be6 10. Rb1 Nbd7 11. b5 d5 12. Nd2 Nc5 13. Qc2 a6 14. bxc6 bxc6 15. Bb2 e4
16. d4 Ncd7 17. c5 g5 18. hxg5 hxg5 19. Bc1 Kg7 20. e3 Rh8 21. Na4 Qe8 22. f4
gxf4 23. exf4 Qh5 24. Nb3 Qh2+ 25. Kf2 Ng4+ 26. Ke1 Qxg3+ 27. Kd1 Ne3+ 28. Bxe3
Qxe3 29. Qd2 Qg3 30. Rg1 Kf7 31. Kc2 Rh2 32. Nc1 Rg8 33. Ne2 Qd3+ 0-1

[Event "Chigorin Memorial 2019"]
[Site "St Petersburg RUS"]
[Date "2019.10.08"]
[Round "4.167"]
[White "Nikitin, Vladimir"]
[Black "Koltsova, Alisa"]
[Result "0-1"]
[WhiteElo "1821"]
[BlackElo "1486"]
[WhiteFideId "24184187"]
[BlackFideId "24249599"]
[EventDate "2019.10.05"]

1. Nf3 c5 2. g3 g6 3. Bg2 Bg7 4. O-O d6 5. d3 Nf6 6. e4 Nc6 7. Re1 Qc7 8. c3 Bg4
9. h3 Bxf3 10. Qxf3 O-O 11. a4 Nd7 12. Qe2 a6 13. h4 b5 14. h5 b4 15. Bg5 Rab8
16. Rc1 Rb6 17. Nd2 bxc3 18. bxc3 Rb2 19. Qf1 Rfb8 20. Bf3 Nde5 21. Be2 Qd7 22.
hxg6 fxg6 23. Kg2 h6 24. Bf4 g5 25. Be3 Ng4 26. Nc4 Nxe3+ 27. Nxe3 R2b3 28. Nf5
Bxc3 29. Nxh6+ Kg7 30. Nf5+ Kg8 31. Rxc3 Rxc3 32. Qh1 e6 33. Nh6+ Kg7 34. Qh5
Qe7 35. Rh1 Qf6 36. Ng4 Qg6 37. Qh3 Ne5 38. Ne3 Rf8 39. Bh5 Qf6 40. f4 Rxd3 41.
Be2 Qg6 42. f5 Rxe3 43. Bh5 Qh6 44. Rb1 exf5 45. Rb7+ Nf7 46. exf5 Re5 47. g4
Re2+ 48. Kf1 Re5 49. Qd3 Qf6 50. Bg6 Re7 51. Rb6 Qa1+ 52. Rb1 Qe5 53. Kg1 Qe3+ 0-1

[Event "Chigorin Memorial 2019"]
[Site "St Petersburg RUS"]
[Date "2019.10.08"]
[Round "4.168"]
[White "Gagonin, Aleksandr"]
[Black "Mekanova, Annagozel"]
[Result "0-1"]
[BlackTitle "WFM"]
[WhiteElo "1306"]
[BlackElo "1809"]
[WhiteFideId "34427031"]
[BlackFideId "14003902"]
[EventDate "2019.10.05"]

1. e4 c6 2. d4 d5 3. exd5 cxd5 4. c4 Nf6 5. Nc3 e6 6. Nf3 Nc6 7. c5 Be7 8. a3
O-O 9. b4 a6 10. Bd3 b6 11. O-O bxc5 12. bxc5 h6 13. Re1 Qc7 14. Na4 Rb8 15. Nb6
Nxd4 16. Nxc8 Nxf3+ 17. Qxf3 Qxc8 18. Qg3 Kh8 19. Be3 Rb3 20. Red1 Qc6 21. Qh3
Ng8 22. g4 e5 23. Rab1 Rfb8 24. Bc2 Rxb1 25. Bxb1 d4 26. Bd2 Qa4 27. Re1 Qb3 28.
Qh5 Qf3 29. Be4 Qf6 30. g5 Qe6 31. gxh6 g6 32. Qf3 Nf6 33. Bb7 Bxc5 34. Rc1 e4
35. Qg2 Rxb7 36. Rxc5 Rb2 37. Qg5 e3 38. Re5 Qg4+ 39. Qxg4 Nxg4 40. Re8+ Kh7 41.
Bb4 exf2+ 0-1

[Event "Chigorin Memorial 2019"]
[Site "St Petersburg RUS"]
[Date "2019.10.08"]
[Round "4.169"]
[White "Mirzoyan, Samvel"]
[Black "Sladkov, Andrey"]
[Result "0-1"]
[WhiteElo "1203"]
[BlackElo "1806"]
[WhiteFideId "34338063"]
[BlackFideId "24160350"]
[EventDate "2019.10.05"]

1. e4 c5 2. d4 cxd4 3. c3 Nc6 4. cxd4 e6 5. Nf3 Bb4+ 6. Bd2 Bxd2+ 7. Qxd2 d5 8.
e5 f6 9. Nc3 a6 10. Be2 Nh6 11. O-O O-O 12. Rad1 Bd7 13. Qc2 fxe5 14. Nxe5 Nxe5
15. dxe5 Qg5 16. Bd3 Nf5 17. f4 Qh5 18. Rf3 h6 19. Bxf5 Qxf5 20. Qxf5 Rxf5 21.
g4 Rf7 22. Kf2 Raf8 23. Ke3 Bc6 24. Rd4 g6 25. h4 g5 26. hxg5 hxg5 27. Ne2 Bb5
28. Nc3 Bc6 29. Ne2 Kg7 30. a4 a5 31. b3 Kg6 32. Rf2 Rh8 33. Ng3 Rh3 34. f5+
exf5 35. gxf5+ Rxf5 36. Rxf5 Rxg3+ 37. Rf3 Rxf3+ 38. Kxf3 Kf5 39. e6 Kxe6 40.
Kg4 Ke5 41. Rd1 d4 42. Re1+ Be4 43. Kxg5 d3 44. Kg4 Kd4 45. Kf4 Bd5 46. Rb1 d2
47. Rd1 Kd3 48. Ke5 Bxb3 0-1

[Event "Chigorin Memorial 2019"]
[Site "St Petersburg RUS"]
[Date "2019.10.08"]
[Round "4.170"]
[White "Kiselev, Viktor"]
[Black "Starkov, Alexandr"]
[Result "0-1"]
[WhiteElo "1773"]
[BlackElo "1453"]
[WhiteFideId "24119075"]
[BlackFideId "54146763"]
[EventDate "2019.10.05"]

1. e4 c6 2. d4 d5 3. e5 c5 4. Nf3 Bg4 5. Bb5+ Nc6 6. Be3 cxd4 7. Bxd4 e6 8. O-O
Ne7 9. Nbd2 Nf5 10. c3 Be7 11. Qa4 Qc7 12. Rac1 O-O 13. Bd3 Rfd8 14. h3 Bxf3 15.
Nxf3 Nfxd4 16. cxd4 Qb6 17. a3 a6 18. Rc3 Bf8 19. Rd1 Rdc8 20. Qc2 g6 21. Be2
Ne7 22. Rdd3 Rxc3 23. Rxc3 Nc6 24. Qd2 Qd8 25. Qf4 Be7 26. h4 h5 27. Bd3 Kg7 28.
g4 hxg4 29. Qxg4 Qh8 30. Qf4 Rf8 31. Qg4 Nd8 32. Kg2 Qh5 33. Qf4 Nc6 34. Ng5
Bxg5 35. hxg5 Rh8 36. f3 Qh1+ 37. Kf2 Rh2+ 38. Qxh2 Qxh2+ 39. Ke3 Qg1+ 40. Kd2
Nxd4 41. Rc7 Nxf3+ 0-1

[Event "Chigorin Memorial 2019"]
[Site "St Petersburg RUS"]
[Date "2019.10.08"]
[Round "4.173"]
[White "Timirev, Sergey"]
[Black "Kleschev, Semen"]
[Result "1/2-1/2"]
[WhiteElo "1613"]
[BlackElo "1328"]
[WhiteFideId "24181676"]
[BlackFideId "24234338"]
[EventDate "2019.10.05"]

1. d4 d6 2. e4 c6 3. Nf3 Nf6 4. Nc3 Bg4 5. Be2 e6 6. O-O d5 7. Qd3 Be7 8. Nd2
Bxe2 9. Nxe2 Na6 10. c3 Nc7 11. e5 Nd7 12. Qg3 g6 13. Nf3 c5 14. Bg5 Na6 15. a3
Nab8 16. b4 cxd4 17. Nexd4 a6 18. Bxe7 Qxe7 19. Nd2 Nc6 20. Nxc6 bxc6 21. c4 O-O
22. cxd5 cxd5 23. Nb3 Rfc8 24. Rac1 Qf8 25. Qe3 Rxc1 26. Rxc1 Rc8 27. f4 Kg7 28.
Rc3 Qd8 29. Qc1 Qb6+ 30. Kf1 Qb5+ 31. Kf2 Rxc3 32. Qxc3 Nb6 33. Nd4 Qc4 34. Qxc4
Nxc4 35. b5 axb5 36. Nxb5 Kf8 37. Ke2 Ke7 38. Kd3 Kd7 39. Kd4 Nb2 40. Nd6 1/2-1/2

[Event "Chigorin Memorial 2019"]
[Site "St Petersburg RUS"]
[Date "2019.10.08"]
[Round "4.175"]
[White "Tsapalin, Sergey"]
[Black "Nikologorsky, Matfei"]
[Result "0-1"]
[WhiteElo "1932"]
[BlackElo "2220"]
[WhiteFideId "4107071"]
[BlackFideId "24102474"]
[EventDate "2019.10.05"]

1. d4 Nf6 2. c4 g6 3. f3 d5 4. cxd5 Nxd5 5. e4 Nb6 6. Nc3 Bg7 7. Be3 O-O 8. Qd2
e5 9. d5 c6 10. h4 cxd5 11. exd5 N8d7 12. h5 Nf6 13. hxg6 fxg6 14. O-O-O Bd7 15.
Kb1 Rc8 16. Nh3 e4 17. Ng5 exf3 18. gxf3 Bf5+ 19. Ka1 Re8 20. Bb5 Nc4 21. Bxc4
Rxc4 22. d6 b5 23. Nce4 h6 24. Nxf6+ Qxf6 25. Ne4 Bxe4 26. fxe4 g5 27. d7 Rd8
28. Qd5+ Qf7 29. Kb1 Rc7 30. Qxb5 Rcxd7 31. Rxd7 Rxd7 32. Rf1 Qe7 33. Qc4+ Kh7
34. Qc2 Rc7 35. Qd3 Qe5 36. Bc1 Rb7 37. Qc2 Re7 38. Re1 g4 39. Bd2 Rb7 40. Bc1
g3 41. Re2 Bf6 42. Qc8 Rg7 43. Qh3 h5 44. Qg2 h4 45. Rd2 Re7 46. Re2 Qh5 47. e5
Rxe5 48. Qb7+ Kg6 49. Rc2 Qf5 0-1

[Event "Chigorin Memorial 2019"]
[Site "St Petersburg RUS"]
[Date "2019.10.09"]
[Round "5.2"]
[White "Vokhidov, Shamsiddin"]
[Black "Smirin, Ilia"]
[Result "1-0"]
[WhiteTitle "IM"]
[BlackTitle "GM"]
[WhiteElo "2519"]
[BlackElo "2599"]
[WhiteFideId "14204223"]
[BlackFideId "2801990"]
[EventDate "2019.10.05"]

1. e4 d6 2. d4 Nf6 3. Bd3 e5 4. c3 d5 5. dxe5 Nxe4 6. Nf3 Nc6 7. Nbd2 Nc5 8. Be2
d4 9. cxd4 Nxd4 10. Nxd4 Qxd4 11. O-O Be7 12. Nf3 Qxd1 13. Rxd1 c6 14. Be3 Na4
15. Rd2 O-O 16. Bd1 Nb6 17. Bb3 Bf5 18. Nd4 Be4 19. f3 Bd5 20. Nf5 Bb4 21. Rd4
Bc5 22. Rd3 Bxe3+ 23. Rxe3 Rfe8 24. f4 Rad8 25. Rg3 g6 26. Nd6 Re7 27. Rf1 Nc8
28. Bxd5 cxd5 29. Nb5 a6 30. Nd4 Rc7 31. Rd1 Ne7 32. Kf2 Kf8 33. Rb3 h5 34. Rb6
Nc8 35. Rb3 Ne7 36. Rd2 Kg7 37. Kf3 Rdd7 38. Rc2 Rc4 39. Rd3 Rdc7 40. Rcd2 Rc1
41. Rd1 R1c4 42. b3 R4c5 43. Ke3 Nc6 44. Nxc6 bxc6 45. Kd4 Rc2 46. R3d2 c5+ 47.
Kd3 Rxd2+ 48. Rxd2 c4+ 49. Kd4 cxb3 50. axb3 Rb7 51. Kc3 Rb5 52. b4 a5 53. bxa5
Rxa5 54. Kb4 Ra1 55. Kc5 Rf1 56. g3 h4 57. Kxd5 hxg3 58. hxg3 g5 59. Ke4 Re1+
60. Kf5 gxf4 61. gxf4 Ra1 62. Rg2+ Kf8 63. Kg5 Ra5 64. Rd2 Kg7 65. Rd7 Rb5 66.
Ra7 Rc5 67. Kf5 Rb5 68. Rd7 Ra5 69. Ke4 Ra1 70. Rd3 Re1+ 71. Re3 Ra1 72. Rg3+
Kf8 73. Rd3 Re1+ 74. Kf5 Ke7 75. Rb3 Ra1 76. Rb7+ Kf8 77. Kg5 Rg1+ 78. Kf6 Rg6+
79. Kf5 Ra6 80. Rd7 Kg7 81. Ke4 Ra1 82. f5 Kf8 83. Kf4 Rg1 84. Rb7 Ke8 85. Rb8+
Kd7 86. Rb3 Ke8 87. Rg3 Rf1+ 88. Rf3 Rg1 89. Ra3 Ke7 90. f6+ Ke8 91. Ra8+ Kd7
92. Rf8 Rf1+ 93. Kg5 Rg1+ 94. Kh6 Ke6 95. Re8+ Kf5 96. Kh7 Rg2 97. Rg8 Re2 98.
Kg7 Rxe5 99. Kxf7 Ra5 100. Kg7 1-0

[Event "Chigorin Memorial 2019"]
[Site "St Petersburg RUS"]
[Date "2019.10.09"]
[Round "5.3"]
[White "Burmakin, Vladimir"]
[Black "Khismatullin, Denis"]
[Result "1/2-1/2"]
[WhiteTitle "GM"]
[BlackTitle "GM"]
[WhiteElo "2496"]
[BlackElo "2611"]
[WhiteFideId "4105109"]
[BlackFideId "4142578"]
[EventDate "2019.10.05"]

1. d4 d6 2. g3 e5 3. Bg2 exd4 4. Qxd4 Nc6 5. Qa4 g6 6. Nf3 Bg7 7. O-O Bd7 8. c3
Nf6 9. Bg5 h6 10. Bxf6 Qxf6 11. Qe4+ Be6 12. Na3 O-O 13. Nb5 Rac8 14. Nbd4 Bd7
15. Qc2 Rfe8 16. Rfe1 Ne7 17. e4 c5 18. Nb3 b5 19. Qd2 Red8 20. Rad1 d5 21. exd5
Be6 22. Qe2 Nxd5 23. Qxb5 Nb6 24. Rxd8+ Qxd8 25. Na5 Qc7 26. Nd2 Rd8 27. Ne4
Bxa2 28. Nxc5 Bf8 29. Qc6 Qxc6 30. Nxc6 Rd2 31. b4 Nd5 32. Nxa7 Nxc3 33. Nc6 Nd5
34. Nd7 Kg7 35. Nxf8 Kxf8 36. Bf1 Rb2 37. Re2 Rxe2 38. Bxe2 Ke8 39. f4 f6 40.
Bb5 g5 41. fxg5 fxg5 42. Kf2 Kd7 43. Ne5+ Kd6 44. Nf7+ Ke6 45. Nxh6 Nxb4 46. Ng4
Nd5 1/2-1/2

[Event "Chigorin Memorial 2019"]
[Site "St Petersburg RUS"]
[Date "2019.10.09"]
[Round "5.4"]
[White "Petrosyan, Manuel"]
[Black "Peng, Xiongjian"]
[Result "1-0"]
[WhiteTitle "GM"]
[WhiteElo "2613"]
[BlackElo "2476"]
[WhiteFideId "13300857"]
[BlackFideId "8610550"]
[EventDate "2019.10.05"]

1. c4 d6 2. Nc3 e5 3. g3 f5 4. Bg2 Nf6 5. d3 g6 6. Nf3 Bg7 7. O-O O-O 8. Rb1 a5
9. a3 Nc6 10. b4 axb4 11. axb4 h6 12. b5 Ne7 13. c5 Kh7 14. Qb3 Nd7 15. cxd6
cxd6 16. Ba3 Nb6 17. Nd2 f4 18. Qb4 Nf5 19. Nc4 Nxc4 20. dxc4 Nd4 21. Qxd6 Bf5
22. Bxb7 Bxb1 23. Qxd8 Rfxd8 24. Bxa8 Rxa8 25. Nxb1 Nxe2+ 26. Kh1 f3 27. Bd6 Ra2
28. b6 Rb2 29. c5 e4 30. Nd2 Rxd2 31. b7 Nc3 32. b8=Q Nd1 33. Qb1 Nxf2+ 34. Rxf2
Rxf2 35. c6 Re2 36. Qd1 Re3 37. c7 Rc3 38. Kg1 h5 39. Bf4 g5 40. Bxg5 Rxc7 41.
Qd5 Rc3 42. Qxe4+ Kg8 43. Qe8+ Kh7 44. Qxh5+ Kg8 45. Qe8+ Kh7 46. Qe4+ Kg8 47.
Kf2 1-0

[Event "Chigorin Memorial 2019"]
[Site "St Petersburg RUS"]
[Date "2019.10.09"]
[Round "5.5"]
[White "Nesterov, Arseniy"]
[Black "Kryakvin, Dmitry"]
[Result "1/2-1/2"]
[BlackTitle "GM"]
[WhiteElo "2473"]
[BlackElo "2610"]
[WhiteFideId "24198455"]
[BlackFideId "4153278"]
[EventDate "2019.10.05"]

1. Nf3 d5 2. d4 Nf6 3. c4 e6 4. g3 Be7 5. Bg2 O-O 6. O-O c6 7. Qc2 Nbd7 8. Bf4
Nh5 9. Bd2 Nhf6 10. Bf4 Nh5 11. Bd2 Nhf6 1/2-1/2

[Event "Chigorin Memorial 2019"]
[Site "St Petersburg RUS"]
[Date "2019.10.09"]
[Round "5.6"]
[White "Kokarev, Dmitry"]
[Black "Zhao, Yuanhe"]
[Result "1-0"]
[WhiteTitle "GM"]
[WhiteElo "2601"]
[BlackElo "2457"]
[WhiteFideId "4132181"]
[BlackFideId "8609497"]
[EventDate "2019.10.05"]

1. c4 c6 2. g3 d5 3. Nf3 g6 4. Qa4 Nd7 5. cxd5 cxd5 6. Bg2 Bg7 7. Nc3 Nf6 8. O-O
O-O 9. d3 Nc5 10. Qh4 Ne6 11. Bh6 Bxh6 12. Qxh6 d4 13. Ne4 Nxe4 14. dxe4 Qb6 15.
Rad1 Qxb2 16. Rd2 Qb6 17. Rxd4 Rd8 18. Rd5 Nf8 19. Ng5 Be6 20. Nxe6 Qxe6 21. Qd2
Rdc8 22. Rd1 Rc7 23. Qh6 Re8 24. h4 Qa6 25. R5d2 e5 26. Bh3 Qf6 27. h5 b6 28.
Rd6 Qe7 29. Bg4 Rb8 30. a4 a6 31. hxg6 fxg6 32. Qe3 b5 33. Rxa6 b4 34. Rb1 Kh8
35. Rb6 Rxb6 36. Qxb6 Rb7 37. Qc6 b3 38. Qc3 Qd6 39. e3 h5 40. Be2 h4 41. gxh4
Qf6 42. Bg4 Re7 43. Kg2 Kg7 44. Kg3 Rf7 45. f3 Qd6 46. Qxb3 Qd2 47. Qb2 Qxe3 48.
Qxe5+ Kg8 49. a5 Nh7 50. a6 Nf6 51. a7 Qxa7 52. Be6 Nh5+ 53. Kg4 Kh7 54. Bxf7
Qxf7 55. Rd1 Nf6+ 56. Kh3 Nh5 57. Rf1 Qd7+ 58. Kg2 Qd2+ 59. Kh1 Qe2 60. Qe7+ Kg8
61. Qd8+ Kh7 62. Qc7+ Kh6 63. Qc1+ Kh7 64. Kg1 1-0

[Event "Chigorin Memorial 2019"]
[Site "St Petersburg RUS"]
[Date "2019.10.09"]
[Round "5.7"]
[White "Yuffa, Daniil"]
[Black "Yanchenko, Roman"]
[Result "1/2-1/2"]
[WhiteTitle "GM"]
[BlackTitle "FM"]
[WhiteElo "2577"]
[BlackElo "2454"]
[WhiteFideId "24131423"]
[BlackFideId "4137329"]
[EventDate "2019.10.05"]

1. d4 Nf6 2. c4 e6 3. g3 d5 4. Bg2 Bb4+ 5. Nd2 O-O 6. Nf3 c6 7. O-O Nbd7 8. Qc2
b5 9. c5 Bxd2 10. Bxd2 Re8 11. Bf4 a5 12. Rac1 Ba6 13. Bd6 b4 14. Ne5 Nxe5 15.
dxe5 Nd7 16. Rfe1 f5 17. exf6 Qxf6 18. e4 Qg6 19. Qd2 Nf6 20. e5 Ne4 21. Qd4 Ng5
22. Re3 Ra7 23. h3 Bb5 24. f3 h5 25. Kh2 Nf7 26. a3 Nh6 27. g4 Rf7 28. axb4 axb4
29. Rb3 Qg5 30. Qe3 Qxe3 31. Rxe3 Ra8 32. Rb3 Rf4 33. Kg3 Rd4 34. Be7 Ra2 35.
Bf1 Ba4 36. Rd3 Rxd3 37. Bxd3 Rxb2 38. Ra1 Bc2 39. Bxc2 Rxc2 40. Ra8+ Kh7 41.
Ra7 hxg4 42. hxg4 Kg8 43. Rb7 Rc3 44. Rxb4 Nf7 45. Kf4 Rc4+ 46. Rxc4 dxc4 47.
Ke3 c3 48. f4 Nh6 49. Kd3 Nxg4 50. Kxc3 Ne3 51. Bg5 Kf7 52. Kb4 Ke8 53. Ka5 Kd7
54. Kb6 Nc4+ 55. Kb7 Nb2 56. f5 exf5 57. e6+ Kxe6 58. Kxc6 Nc4 59. Bf4 Na5+ 60.
Kb6 Kd5 61. Kxa5 Kxc5 62. Bg5 Kd4 63. Kb4 g6 64. Bh6 Ke4 65. Kc3 f4 66. Kd2 Kf3
67. Ke1 1/2-1/2

[Event "Chigorin Memorial 2019"]
[Site "St Petersburg RUS"]
[Date "2019.10.09"]
[Round "5.8"]
[White "Sivuk, Vitaly"]
[Black "Korchmar, Vasiliy"]
[Result "1-0"]
[WhiteTitle "GM"]
[BlackTitle "IM"]
[WhiteElo "2559"]
[BlackElo "2432"]
[WhiteFideId "14116502"]
[BlackFideId "24131750"]
[EventDate "2019.10.05"]

1. d4 Nf6 2. c4 e6 3. Nc3 Bb4 4. e3 d5 5. Nf3 O-O 6. Bd3 b6 7. O-O Ba6 8. cxd5
exd5 9. Bxa6 Nxa6 10. Qa4 Qc8 11. Bd2 Re8 12. Rac1 Bf8 13. Rfd1 c5 14. Be1 Nc7
15. dxc5 bxc5 16. Qc2 Qb7 17. Ne2 Ne6 18. Ng3 Rac8 19. Qb1 c4 20. Qf5 Bb4 21.
Bxb4 Qxb4 22. Qc2 Nc5 23. Nf5 Rb8 24. b3 cxb3 25. axb3 Nxb3 26. Rb1 Qe4 27. Qxe4
dxe4 28. Nd6 Rf8 29. Ne5 Nc5 30. Ra1 a6 31. Nc6 Ra8 32. Ra5 Ne6 33. Rda1 Nc7 34.
h3 g6 35. g4 h6 36. Rb1 Nb5 37. Nxb5 axb5 38. Raxb5 Ra6 39. Nd4 Rfa8 40. Kg2 Kg7
41. Rb7 R6a7 42. Kg3 Rxb7 43. Rxb7 Ra6 44. h4 Ra1 45. g5 Nh5+ 46. Kg2 hxg5 47.
Ne6+ Kf6 48. Nxg5 Kf5 49. Rxf7+ Kg4 50. Nxe4 Kxh4 51. Rb7 Ra4 52. Kf3 g5 53. Re7
g4+ 54. Kg2 Rb4 55. Re5 Rb2 56. Rd5 g3 57. Nxg3 Nf6 58. Rf5 Rb6 59. Kf3 Ra6 60.
Rf4+ Kg5 61. Ne4+ 1-0

[Event "Chigorin Memorial 2019"]
[Site "St Petersburg RUS"]
[Date "2019.10.09"]
[Round "5.9"]
[White "Gagare, Shardul"]
[Black "Vorobiov, Evgeny E."]
[Result "0-1"]
[WhiteTitle "GM"]
[BlackTitle "GM"]
[WhiteElo "2474"]
[BlackElo "2552"]
[WhiteFideId "5037883"]
[BlackFideId "4121341"]
[EventDate "2019.10.05"]

1. e4 c5 2. Nf3 e6 3. d4 cxd4 4. Nxd4 Nf6 5. Nc3 Nc6 6. Nxc6 bxc6 7. e5 Nd5 8.
Ne4 Qc7 9. f4 Qb6 10. c4 Ne3 11. Qd3 Nf5 12. g4 Nd4 13. Bg2 Bb7 14. Bd2 c5 15.
O-O-O Rb8 16. Bc3 Bxe4 17. Bxe4 Rd8 18. f5 h5 19. Bxd4 cxd4 20. g5 exf5 21. Bxf5
g6 22. Be4 Bg7 23. Bd5 Rb8 24. Rd2 Bxe5 25. Re2 Kd8 26. Rf1 f6 27. Rff2 h4 28.
gxf6 Bxf6 29. Qxg6 d3 30. Qxd3 Bd4 31. Rg2 h3 32. Rg6 Bxb2+ 33. Kd1 Qb4 34. Bc6
Bd4 35. Bb5 Rf8 36. Qb3 Rxb5 37. cxb5 Rf1+ 38. Kc2 Qc5+ 39. Kd2 Bc3+ 40. Qxc3
Qd5+ 41. Kc2 Qd1+ 42. Kb2 Qxe2+ 43. Qc2 Qxb5+ 44. Qb3 Rf2+ 45. Ka1 Qe5+ 0-1

[Event "Chigorin Memorial 2019"]
[Site "St Petersburg RUS"]
[Date "2019.10.09"]
[Round "5.10"]
[White "Iljiushenok, Ilia"]
[Black "Vlasenko, Miroslav"]
[Result "1/2-1/2"]
[WhiteTitle "GM"]
[BlackTitle "IM"]
[WhiteElo "2540"]
[BlackElo "2430"]
[WhiteFideId "24105074"]
[BlackFideId "4151887"]
[EventDate "2019.10.05"]

1. e4 Nf6 2. e5 Nd5 3. d4 d6 4. Nf3 g6 5. Bc4 Nb6 6. Bb3 Bg7 7. Qe2 Nc6 8. a4 a5
9. h3 O-O 10. O-O dxe5 11. dxe5 Nd4 12. Nxd4 Qxd4 13. Re1 Be6 14. Bxe6 fxe6 15.
Nd2 Nd5 16. Nf3 Qb6 17. Ra3 c5 18. c4 Nb4 19. Re3 Nc6 20. Re4 Rad8 21. Be3 Rf5
22. g4 Rff8 23. Kg2 Nb4 24. Bg5 Rf7 25. Be3 Rff8 26. Bg5 Rf7 27. Be3 1/2-1/2

[Event "Chigorin Memorial 2019"]
[Site "St Petersburg RUS"]
[Date "2019.10.09"]
[Round "5.11"]
[White "Pourramezanali, Amirreza"]
[Black "Lintchevski, Daniil"]
[Result "1-0"]
[WhiteTitle "GM"]
[BlackTitle "GM"]
[WhiteElo "2487"]
[BlackElo "2540"]
[WhiteFideId "12511412"]
[BlackFideId "4171055"]
[EventDate "2019.10.05"]

1. e4 c5 2. Nf3 Nc6 3. d4 cxd4 4. Nxd4 Nf6 5. Nc3 e6 6. Ndb5 d6 7. Bf4 e5 8. Bg5
a6 9. Na3 Be6 10. Nc4 Rb8 11. h4 h6 12. Bxf6 Qxf6 13. Nxd6+ Bxd6 14. Qxd6 Rd8
15. Qc5 Nd4 16. Bd3 Rc8 17. Qb4 b5 18. Rc1 Qf4 19. Ne2 Nxe2 20. Kxe2 Bc4 21. f3
Bxd3+ 22. Kxd3 Rc4 23. Qe1 f5 24. b3 fxe4+ 25. fxe4 Rd4+ 26. Kc3 Rxe4 1-0

[Event "Chigorin Memorial 2019"]
[Site "St Petersburg RUS"]
[Date "2019.10.09"]
[Round "5.12"]
[White "Vogel, Roven"]
[Black "Afanasiev, Nikita"]
[Result "1/2-1/2"]
[WhiteTitle "IM"]
[BlackTitle "IM"]
[WhiteElo "2465"]
[BlackElo "2520"]
[WhiteFideId "12908088"]
[BlackFideId "24183555"]
[EventDate "2019.10.05"]

1. c4 e5 2. Nc3 Nf6 3. Nf3 Nc6 4. g3 d5 5. cxd5 Nxd5 6. Bg2 Nde7 7. O-O g6 8. b4
a6 9. a4 Bg7 10. Ba3 a5 11. b5 Nb4 12. Rb1 c5 13. bxc6 Nexc6 14. Ne1 Bf5 15. d3
Rc8 16. Nb5 Bf8 17. Bb2 Bg7 18. Ba3 Bf8 19. Bb2 Bg7 1/2-1/2

[Event "Chigorin Memorial 2019"]
[Site "St Petersburg RUS"]
[Date "2019.10.09"]
[Round "5.13"]
[White "Kardashevskiy, Evgeny"]
[Black "Khegay, Dmitriy"]
[Result "1/2-1/2"]
[WhiteTitle "FM"]
[BlackTitle "IM"]
[WhiteElo "2428"]
[BlackElo "2509"]
[WhiteFideId "24108138"]
[BlackFideId "24153729"]
[EventDate "2019.10.05"]

1. Nf3 g6 2. c4 Bg7 3. d4 c5 4. Nc3 cxd4 5. Nxd4 Nc6 6. Nc2 Bxc3+ 7. bxc3 Qa5 8.
Qd3 d6 9. e4 f5 10. exf5 Bxf5 11. Qd2 Bxc2 12. Qxc2 Nf6 13. Bd2 Qe5+ 14. Be2 Qe4
15. Qxe4 Nxe4 16. Bf3 Nxd2 17. Kxd2 Rc8 18. Rab1 b6 19. Bxc6+ Rxc6 20. Rb4 Rf8
21. Ke3 Rc5 22. f3 Rg5 23. Rg1 Kd7 24. Rb5 Rgf5 25. Rgb1 Rc8 26. Kd3 Rfc5 27.
R1b4 R5c6 28. h4 e5 29. Ra4 R8c7 30. Rb3 Ke6 31. Rba3 a5 32. Rb3 Rf7 33. c5 dxc5
34. Kc4 Rfc7 35. Rb2 Rd6 36. Re2 Kf6 37. Kb3 Re7 38. Kc4 Ree6 39. Kb5 h5 40.
Rae4 Kf5 41. a4 Rd3 42. Kc4 Rdd6 43. Kb5 Kf6 44. Kc4 Kf5 1/2-1/2

[Event "Chigorin Memorial 2019"]
[Site "St Petersburg RUS"]
[Date "2019.10.09"]
[Round "5.14"]
[White "Gabdrakhmanov, Azat"]
[Black "Ter-Sahakyan, Samvel"]
[Result "0-1"]
[WhiteTitle "FM"]
[BlackTitle "GM"]
[WhiteElo "2353"]
[BlackElo "2623"]
[WhiteFideId "34189197"]
[BlackFideId "13302531"]
[EventDate "2019.10.05"]

1. e4 c5 2. Nf3 d6 3. c3 Nf6 4. Bd3 g6 5. O-O Bg7 6. Bc2 Nc6 7. h3 e5 8. d4 exd4
9. cxd4 O-O 10. dxc5 dxc5 11. Nc3 Be6 12. Be3 b6 13. Qe2 Qc7 14. Nb5 Qb8 15. Ng5
a6 16. Nxe6 fxe6 17. Na3 Nh5 18. Bb3 Kh8 19. Nc2 Qe5 20. Rad1 b5 21. a4 c4 22.
Nd4 Nf4 23. Qg4 Nb4 24. Bc2 Nxc2 25. Nxc2 Qxe4 26. Ne1 h5 27. Qg5 Rf5 28. Qe7
Ne2+ 29. Kh2 Qe5+ 30. Kh1 Qxe3 0-1